000 01732cad a22003495a 4500
999 _c115955
_d115955
001 L159496
008 101207s2011 xxk 000 0 eng u
020 1 _a9781842196328
035 _a(Sirsi) u159496
041 0 _aeng
050 0 4 _a333.332 $2 18
110 2 _aRoyal Institution of Chartered Surveyors
245 0 0 _aRICS condition report
_bRICS practice note
_h[electronic resource]
260 _aCoventry
_bRICS
_c2011
300 _aiv, 62p.
_c30cm.
490 0 _aRICS Practice Notes
520 _aIt focuses purely on the condition of the property by setting out the following: Clear 'traffic light' ratings of the condition of different parts of the building, services, garage and outbuildings, showing problems that may require varying degrees of attention. A summary of the risks to the condition of the building. Advice on replacement parts guarantees, planning and control matters for your legal advisers. It should be used for a conventional house, flat or bungalow built from common building materials and in reasonable condition. An RICS Condition Report does not include a valuation.
520 _aFor a sample copy of the HBR report, see E159497. See also Home survey standard K121160 effective from 1 June 2020.
521 _aAdvanced
590 _aKA
650 2 4 _aCONDITION REPORT
650 2 4 _aHome survey standard
650 2 4 _aRICS VALUATION STANDARDS
651 4 _aEngland
651 4 _aWales
651 4 _aNorthern Ireland
651 4 _aChannel Islands
651 4 _aIsle of Man
690 _aValuation
_96273
856 4 1 _uhttps://www.rics.org/Global/Downloads/RICS_Condition_Report_practice_note_2011.pdf
_zView the guidance free of charge at www.rics.org...
942 _n0